| 000 | 00928nam a2200241 i 4500 | ||
|---|---|---|---|
| 001 | bg | ||
| 245 | 1 | 0 |
_aProblemy współczesnego edytorstwa w szkole wyższej : _bmateriały konferencyjne, Bytom, 18 czerwca 2004 / _cWyższa Szkoła Ekonomii i Administracji w Bytomiu, Górnośląska Wyższa Szkoła Pedagogiczna im. Kardynała Augusta Hlonda w Mysłowicach. |
| 260 |
_aBytom : _bWSEiA, _c2005. |
||
| 300 |
_a82 s. : _brys., wykr. ; _c24 cm. |
||
| 504 | _aBibliogr. przy ref. | ||
| 650 | 9 | _aEdytorstwo | |
| 650 | 9 |
_aWydawnictwa naukowe _xzagadnienia |
|
| 655 | _aMateriały konferencyjne | ||
| 710 | 0 | _aWyższa Szkoła Ekonomii i Administracji w Bytomiu | |
| 710 | 0 | _aGórnośląska Wyższa Szkoła Pedagogiczna (Mysłowice) | |
| 020 | _a8388587277 | ||
| 040 | _cBPK | ||
| 041 | 0 | _apol | |
| 080 | _a655.4/.5:808.2:027.7](061) | ||
| 920 | _a83-88587-27-7 | ||
| 942 | _cKS | ||
| 008 | s pl f |000 0 pol | ||
| 999 |
_c51255 _d51255 |
||
| 856 |
_uhttp://koha.tu.koszalin.pl/cgi-bin/koha/opac-detail.pl?biblionumber=51255 _yKatalog online BPK |
||